Piłkarze którzy strzelili gola w finale mundialu - Statystyki

Ogólne statystyki
  • Ten quiz został rozwiązany 68 razy
  • Średni wynik to 15 z 64
Statystyki odpowiedzi
Finał, flaga, liczba bramek Piłkarz % Poprawnych
2018 🇫🇷 1, 2022 🇫🇷 3 Kylian Mbappé
100%
2022 🇦🇷 2 Lionel Messi
98%
2002 🇧🇷 2 Ronaldo
88%
2010 🇪🇸 1 Andrés Iniesta
85%
2022 🇦🇷 1 Angel Di María
83%
2014 🇩🇪 1 Mario Götze
80%
2018 🇭🇷 2 (Gol i samobój) Mario Mandžukić
78%
1998 🇫🇷 2, 2006 🇫🇷 1 Zinédine Zidane
77%
2018 🇫🇷 1 Antoine Griezmann
68%
1958 🇧🇷 2, 1970 🇧🇷 1 Pelé
68%
2018 🇫🇷 1 Paul Pogba
66%
1974 🇩🇪 1 Gerd Müller
60%
2018 🇭🇷 1 Ivan Perišić
57%
2006 🇮🇹 1 Marco Materazzi
48%
1954 🇭🇺 1 Ferenc Puskás
38%
1982 🇮🇹 1 Paolo Rossi
34%
1998 🇫🇷 1 Emmanuel Petit
28%
1978 🇦🇷 2 Mario Kempes
28%
1966 🏴󠁧󠁢󠁥󠁮󠁧󠁿 3 Geoff Hurst
18%
1970 🇧🇷 1 Jairzinho
17%
1974 🇳🇱 1 Johan Neeskens
17%
1986 🇩🇪 1 Rüdi Voller
15%
1974 🇩🇪 1, 1982 🇩🇪 1 Paul Breitner
14%
1990 🇩🇪 1 Andreas Brehme
12%
1970 🇧🇷 1 Carlos Alberto
12%
1986 🇩🇪 1 Karl-Heinz Rummenigge
12%
1962 🇨🇿 1 Josef Masopust
11%
1958 🇧🇷 1 Mário Zagallo
11%
1958 🇧🇷 2, 1962 🇧🇷 1 Vavá
11%
1982 🇮🇹 1 Marco Tardelli
9%
1930 🇦🇷 1 Guilermo Stábile
8%
1986 🇦🇷 1 Jorge Burruchaga
8%
1986 🇦🇷 1 Jorge Valdano
8%
1982 🇮🇹 1 Alessandro Altobelli
6%
1966 🇩🇪 1 Helmut Haller
6%
1986 🇦🇷 1 José Luis Brown
6%
1930 🇺🇾 1 Jose Pedro Cea
6%
1950 🇺🇾 1 Juan Schiaffino
6%
1958 🇸🇪 1 Nils Liedholm
6%
1954 🇭🇺 1 Zoltán Czibor
6%
1962 🇧🇷 1 Amarildo
5%
1978 🇦🇷 1 Daniel Bertoni
5%
1978 🇳🇱 1 Dick Nanninga
5%
1970 🇧🇷 1 Gérson
5%
1966 🏴󠁧󠁢󠁥󠁮󠁧󠁿 1 Martin Peters
5%
1970 🇮🇹 1 Roberto Boninsegna
5%
1938 🇮🇹 2 Silvio Piola
5%
1966 🇩🇪 1 Wolfgang Weber
5%
1962 🇧🇷 1 Zito
5%
1958 🇸🇪 1 Agne Simonsson
3%
1950 🇺🇾 1 Alcides Ghiggia
3%
1934 🇨🇿 1 Antonín Puč
3%
1938 🇭🇺 1 György Sárosi
3%
1954 🇩🇪 2 Helmut Rahm
3%
1954 🇩🇪 1 Max Morlock
3%
1934 🇮🇹 1 Raimundo Orsi
3%
1934 🇮🇹 1 Angelo Schiavio
2%
1930 🇦🇷 1 Carlos Peucelle
2%
1950 🇧🇷 1 Friaça
2%
1938 🇮🇹 2 Gino Colaussi
2%
1930 🇺🇾 1 Héctor Castro
2%
1930 🇺🇾 1 Pablo Dorado
2%
1938 🇭🇺 1 Pál Titkos
2%
1930 🇺🇾 1 Santos Iriarte
2%
Nie znaleziono quizów pasujących do podanych kryteriów
Rozkład punktacji
Procent ludzi z każdym wynikiem
Percentyl według liczby udzielonych odpowiedzi
Twoja historia wyników
Nie rozwiązałeś tego quizu